[Event "Calatrava op rapid 2nd"]
[Site "Calatrava"]
[Date "2007.04.06"]
[Round "1"]
[White "Anand, Viswanathan"]
[Black "Borras Duran, Pere"]
[Result "1-0"]
[WhiteElo "2779"]
[BlackElo "2164"]
[PlyCount "73"]
[EventDate "2007.04.06"]
[EventType "swiss (rapid)"]
[EventRounds "9"]
[EventCountry "ESP"]
[SourceTitle "CBM 117 Extra"]
[Source "ChessBase"]
[SourceDate "2007.05.09"]
[SourceVersion "1"]
[SourceVersionDate "2007.05.09"]
[SourceQuality "1"]

1. c4 Nf6 2. Nc3 g6 3. d4 Bg7 4. e4 d6 5. h3 O-O 6. Bd3 e5 7. d5 a5 8. Nge2 Na6
9. g4 c6 10. Ng3 cxd5 11. cxd5 Nc5 12. Be2 b5 13. Bxb5 Ba6 14. Bxa6 Rxa6 15.
Be3 Qb6 16. Rb1 Qb4 17. O-O Nfd7 18. Qe2 Rb8 19. Kg2 a4 20. a3 Qb3 21. h4 Qb7
22. Na2 Nb3 23. Nb4 Raa8 24. g5 Nd4 25. Qg4 Nc5 26. h5 Qd7 27. Qh4 Rxb4 28.
axb4 Nd3 29. Rh1 Bf8 30. Bxd4 exd4 31. Ne2 Ra7 32. Nxd4 Bg7 33. Nc6 Be5 34.
hxg6 fxg6 35. Nxa7 Nf4+ 36. Kf3 Qxa7 37. Rbc1 1-0

[Event "Anand Charity sim"]
[Site "ICC INT"]
[Date "2007.04.21"]
[Round "1"]
[White "Anand, Viswanathan"]
[Black "Boffman"]
[Result "1-0"]
[WhiteElo "2786"]
[BlackElo "1517"]
[PlyCount "60"]
[EventDate "2007.04.21"]
[EventType "simul"]
[EventRounds "1"]
[EventCountry "USA"]
[SourceTitle "EXT 2010"]
[Source "ChessBase"]
[SourceDate "2010.11.25"]
[SourceVersion "1"]
[SourceVersionDate "2010.11.25"]
[SourceQuality "1"]

1. d4 Nf6 2. c4 e5 3. dxe5 Ng4 4. Bf4 Nc6 5. Nf3 Bb4+ 6. Nc3 Bxc3+ 7. bxc3 O-O
8. h3 Nh6 9. Qd2 Qe7 10. g4 d6 11. exd6 Qe4 12. dxc7 Qxc4 13. Bg2 Re8 14. Bxh6
gxh6 15. O-O Qe6 16. Rfe1 Qe7 17. Qxh6 Qf8 18. Qxf8+ Rxf8 19. Nd4 a6 20. Bxc6
bxc6 21. Nxc6 Bb7 22. Ne7+ Kh8 23. Rab1 Ra7 24. Rxb7 Rxb7 25. c8=Q Rxc8 26.
Nxc8 Rc7 27. Nd6 Kg7 28. c4 Kf6 29. Rc1 Ke5 30. Nf5 f6 1-0

[Event "Anand Charity sim"]
[Site "ICC INT"]
[Date "2007.04.21"]
[Round "1"]
[White "Anand, Viswanathan"]
[Black "Boro"]
[Result "1-0"]
[WhiteElo "2786"]
[BlackElo "1674"]
[PlyCount "77"]
[EventDate "2007.04.21"]
[EventType "simul"]
[EventRounds "1"]
[EventCountry "USA"]
[SourceTitle "EXT 2010"]
[Source "ChessBase"]
[SourceDate "2010.11.25"]
[SourceVersion "1"]
[SourceVersionDate "2010.11.25"]
[SourceQuality "1"]

1. c4 e5 2. g3 g6 3. Bg2 Bg7 4. Nc3 Ne7 5. Nf3 O-O 6. O-O d5 7. cxd5 Nxd5 8. d3
c6 9. Bg5 Qa5 10. Bd2 Qd8 11. Qb3 Nb6 12. a4 Be6 13. Qc2 h6 14. b4 Na6 15. Rab1
Qc8 16. Rfc1 Bh3 17. a5 Bxg2 18. Kxg2 Nd7 19. b5 cxb5 20. Nxb5 Qxc2 21. Rxc2 b6
22. Nc7 Nxc7 23. Rxc7 Rfd8 24. axb6 axb6 25. Be3 Rab8 26. Rb5 g5 27. Nd2 f5 28.
f3 f4 29. Bf2 Bf8 30. Nc4 Bc5 31. Bxc5 Nxc5 32. Rc6 Nxd3 33. exd3 Rxd3 34. Nxe5
Rd2+ 35. Kh3 Ra8 36. Rbxb6 fxg3 37. hxg3 Ra1 38. Rb8+ Kg7 39. Rb7+ 1-0

[Event "Anand Charity sim"]
[Site "ICC INT"]
[Date "2007.04.21"]
[Round "1"]
[White "Anand, Viswanathan"]
[Black "Cap78red"]
[Result "1-0"]
[WhiteElo "2786"]
[BlackElo "1702"]
[PlyCount "79"]
[EventDate "2007.04.21"]
[EventType "simul"]
[EventRounds "1"]
[EventCountry "USA"]
[SourceTitle "EXT 2010"]
[Source "ChessBase"]
[SourceDate "2010.11.25"]
[SourceVersion "1"]
[SourceVersionDate "2010.11.25"]
[SourceQuality "1"]

1. Nf3 Nf6 2. c4 g6 3. Nc3 Bg7 4. e4 d6 5. d4 O-O 6. h3 e5 7. d5 Nh5 8. g3 f5
9. exf5 Bxf5 10. g4 e4 11. Nd4 Bxg4 12. hxg4 Qf6 13. Be3 c5 14. Ne6 Nf4 15.
Nxf4 Nd7 16. Ne6 Ne5 17. Be2 Nd3+ 18. Bxd3 exd3 19. Rh3 Rfe8 20. Qxd3 Rxe6 21.
dxe6 Qxe6 22. Qd5 Re8 23. O-O-O Kh8 24. Qxe6 Rxe6 25. Rdh1 Bxc3 26. bxc3 Re7
27. Kc2 Kg8 28. Kd3 b6 29. f4 Rd7 30. f5 gxf5 31. gxf5 d5 32. cxd5 Rxd5+ 33.
Ke4 Rd7 34. f6 Rf7 35. Kf5 a5 36. Bh6 Rd7 37. Ke6 Rd8 38. Rg3+ Kh8 39. Bg7+ Kg8
40. f7# 1-0

[Event "Anand Charity sim"]
[Site "ICC INT"]
[Date "2007.04.21"]
[Round "1"]
[White "Anand, Viswanathan"]
[Black "Capanand"]
[Result "1-0"]
[WhiteElo "2786"]
[BlackElo "1959"]
[PlyCount "81"]
[EventDate "2007.04.21"]
[EventType "simul"]
[EventRounds "1"]
[EventCountry "USA"]
[SourceTitle "EXT 2010"]
[Source "ChessBase"]
[SourceDate "2010.11.25"]
[SourceVersion "1"]
[SourceVersionDate "2010.11.25"]
[SourceQuality "1"]

1. Nf3 d5 2. c4 c6 3. d4 Nf6 4. Nc3 e6 5. Qb3 Bd6 6. Bg5 Nbd7 7. e3 O-O 8. Bd3
Re8 9. O-O h6 10. Bh4 a6 11. a4 Qc7 12. Rfc1 dxc4 13. Bxc4 Qb6 14. Qc2 Nd5 15.
a5 Qa7 16. e4 Nxc3 17. bxc3 c5 18. e5 Be7 19. Bxe7 Rxe7 20. Qe4 b5 21. axb6
Nxb6 22. Bd3 g6 23. dxc5 Nd7 24. c6 Nc5 25. Qe3 Nxd3 26. Qxd3 a5 27. Nd4 Ba6
28. Qe3 Qc7 29. c4 Rb8 30. h3 Ree8 31. Qxh6 Qxe5 32. Nf3 Qg7 33. Qxg7+ Kxg7 34.
Rxa5 Bc8 35. Rc5 f6 36. Nd4 e5 37. Nb5 Re6 38. Rd1 Rb6 39. Rd8 Rexc6 40. Rxc8
Re6 41. Kh2 1-0

[Event "Anand Charity sim"]
[Site "ICC INT"]
[Date "2007.04.21"]
[Round "1"]
[White "Anand, Viswanathan"]
[Black "CurdRice"]
[Result "1-0"]
[WhiteElo "2786"]
[BlackElo "1950"]
[PlyCount "69"]
[EventDate "2007.04.21"]
[EventType "simul"]
[EventRounds "1"]
[EventCountry "USA"]
[SourceTitle "EXT 2010"]
[Source "ChessBase"]
[SourceDate "2010.11.25"]
[SourceVersion "1"]
[SourceVersionDate "2010.11.25"]
[SourceQuality "1"]

1. d4 d5 2. Nf3 Nf6 3. c4 e6 4. Nc3 Be7 5. Bf4 O-O 6. e3 c5 7. dxc5 Bxc5 8. a3
Nc6 9. cxd5 Nxd5 10. Nxd5 exd5 11. Bd3 Bb6 12. O-O d4 13. e4 Bg4 14. h3 Bh5 15.
g4 Bg6 16. Re1 Re8 17. Rc1 Rc8 18. Kg2 Bc7 19. Bxc7 Rxc7 20. Nd2 f6 21. f4 Kh8
22. Qf3 a6 23. h4 Bf7 24. Rcd1 Qd7 25. g5 Rg8 26. Kh2 Qe8 27. Qg3 Re7 28. Rc1
Bg6 29. b4 Qd7 30. Rc5 Rge8 31. h5 Bf7 32. h6 Qd6 33. hxg7+ Kg8 34. Nc4 Qe6 35.
f5 1-0

[Event "Anand Charity sim"]
[Site "ICC INT"]
[Date "2007.04.21"]
[Round "1"]
[White "Anand, Viswanathan"]
[Black "Different"]
[Result "1-0"]
[WhiteElo "2786"]
[BlackElo "2394"]
[PlyCount "91"]
[EventDate "2007.04.21"]
[EventType "simul"]
[EventRounds "1"]
[EventCountry "USA"]
[SourceTitle "EXT 2010"]
[Source "ChessBase"]
[SourceDate "2010.11.25"]
[SourceVersion "1"]
[SourceVersionDate "2010.11.25"]
[SourceQuality "1"]

1. Nf3 Nf6 2. c4 e6 3. Nc3 Bb4 4. g3 b6 5. Bg2 Bb7 6. O-O O-O 7. Qb3 a5 8. d3
Na6 9. e4 d5 10. cxd5 exd5 11. e5 Nc5 12. Qc2 Nfd7 13. d4 Ne6 14. a3 Be7 15.
Rd1 c5 16. dxc5 Ndxc5 17. Be3 Rc8 18. h4 Ne4 19. Qb3 Nxc3 20. bxc3 Bc5 21. Nd4
Qc7 22. Rab1 Qxe5 23. Nxe6 Bxe3 24. Nxf8 Bxf2+ 25. Kxf2 Rxc3 26. Qxc3 Qxc3 27.
Nd7 Bc6 28. Nb8 Qc5+ 29. Kf3 Bb7 30. Rdc1 Qxa3+ 31. Kf2 Qd6 32. Bf3 a4 33. Nc6
g5 34. hxg5 Bxc6 35. Rxb6 a3 36. Rbxc6 Qe5 37. R6c2 Qxg5 38. Ra1 Qe7 39. Rca2
h5 40. Bxh5 d4 41. Rxa3 Qc5 42. Bf3 Qc2+ 43. Be2 Qb2 44. R1a2 Qb6 45. Rd3 Qf6+
46. Bf3 1-0

[Event "Anand Charity sim"]
[Site "ICC INT"]
[Date "2007.04.21"]
[Round "1"]
[White "Anand, Viswanathan"]
[Black "DukeBishop"]
[Result "1-0"]
[WhiteElo "2786"]
[BlackElo "2048"]
[PlyCount "115"]
[EventDate "2007.04.21"]
[EventType "simul"]
[EventRounds "1"]
[EventCountry "USA"]
[SourceTitle "EXT 2010"]
[Source "ChessBase"]
[SourceDate "2010.11.25"]
[SourceVersion "1"]
[SourceVersionDate "2010.11.25"]
[SourceQuality "1"]

1. d4 d5 2. Nf3 Nf6 3. c4 c6 4. Nc3 dxc4 5. a4 Bf5 6. Ne5 e6 7. f3 h6 8. e4 Bh7
9. Be3 Nbd7 10. Nxc4 Bb4 11. Be2 O-O 12. O-O c5 13. dxc5 Bxc5 14. Bxc5 Nxc5 15.
b4 Na6 16. Qxd8 Rfxd8 17. Rab1 Nd5 18. exd5 exd5 19. Na5 Bxb1 20. Bxa6 bxa6 21.
Rxb1 d4 22. Ne4 Rac8 23. Nc5 Rd5 24. Kf2 d3 25. Rd1 d2 26. Nab3 a5 27. Nxa5 f5
28. Nab3 Rcd8 29. b5 Rc8 30. Ne6 Rc4 31. Rxd2 Rxd2+ 32. Nxd2 Rxa4 33. Nb3 f4
34. h4 Ra2+ 35. Kg1 Rb2 36. Nbd4 Rb4 37. Kh2 Ra4 38. Kh3 a6 39. bxa6 Rxa6 40.
Nxf4 Ra4 41. Nfe2 g6 42. g4 Kf7 43. Kg3 Kf6 44. Nb5 Rb4 45. Nbc3 Rb3 46. Ne4+
Ke5 47. Nf4 Rb6 48. h5 gxh5 49. Nxh5 Ra6 50. Nf2 Ra3 51. Ne4 Ra6 52. Nd2 Ke6
53. f4 Ra3+ 54. Nf3 Kf7 55. f5 Ra5 56. Kh4 Rc5 57. Nf4 Rc4 58. Ne5+ 1-0

[Event "Anand Charity sim"]
[Site "ICC INT"]
[Date "2007.04.21"]
[Round "1"]
[White "Anand, Viswanathan"]
[Black "Ecalevol"]
[Result "1-0"]
[WhiteElo "2786"]
[BlackElo "1904"]
[PlyCount "151"]
[EventDate "2007.04.21"]
[EventType "simul"]
[EventRounds "1"]
[EventCountry "USA"]
[SourceTitle "EXT 2010"]
[Source "ChessBase"]
[SourceDate "2010.11.25"]
[SourceVersion "1"]
[SourceVersionDate "2010.11.25"]
[SourceQuality "1"]

1. d4 Nf6 2. c4 c5 3. d5 e5 4. Nc3 d6 5. e4 Be7 6. Bd3 O-O 7. h3 Ne8 8. Nf3 Na6
9. g4 Nac7 10. Rg1 a6 11. a4 b6 12. h4 Rb8 13. h5 Bd7 14. g5 g6 15. Be3 Ng7 16.
hxg6 fxg6 17. Nh4 b5 18. b3 Nh5 19. Nf5 Nf4 20. Nxe7+ Qxe7 21. Bf1 bxc4 22.
Bxc4 a5 23. Kd2 Bc8 24. Kc2 Na6 25. Rg3 Nb4+ 26. Kd2 Ba6 27. Qf1 Bxc4 28. bxc4
Nbd3 29. Nb5 Rb6 30. Ra3 Nb4 31. Rg4 Qg7 32. Ra1 Qd7 33. Rg3 Qe7 34. Qd1 Qd7
35. Qg4 Qxg4 36. Rxg4 Nfd3 37. Rg2 Nf4 38. Rh2 Rf7 39. Rah1 Nh5 40. Rxh5 gxh5
41. Rxh5 Rg7 42. Rh6 Rg6 43. Rxg6+ hxg6 44. f4 Na6 45. fxe5 dxe5 46. Bf2 Rb8
47. Bg3 Re8 48. Na7 Nb8 49. Bf2 Nd7 50. Nc6 Kf7 51. Kd3 Rh8 52. Nxa5 Ra8 53.
Nb7 Rxa4 54. Bxc5 Nxc5+ 55. Nxc5 Ra3+ 56. Kd2 Rg3 57. Ne6 Ke7 58. c5 Rg4 59.
Kd3 Rg3+ 60. Ke2 Ra3 61. c6 Kd6 62. Nd8 Ra2+ 63. Kd3 Ra3+ 64. Kd2 Ra2+ 65. Kc3
Ra3+ 66. Kb4 Re3 67. Nb7+ Kc7 68. Nc5 Re1 69. Nb3 Rxe4+ 70. Kc5 Re3 71. d6+ Kc8
72. Na5 Rd3 73. Nc4 Rc3 74. Kd5 e4 75. Nb6+ Kd8 76. c7+ 1-0

[Event "Anand Charity sim"]
[Site "ICC INT"]
[Date "2007.04.21"]
[Round "1"]
[White "Anand, Viswanathan"]
[Black "ElliotSurprise"]
[Result "1-0"]
[WhiteElo "2786"]
[BlackElo "1400"]
[PlyCount "55"]
[EventDate "2007.04.21"]
[EventType "simul"]
[EventRounds "1"]
[EventCountry "USA"]
[SourceTitle "EXT 2010"]
[Source "ChessBase"]
[SourceDate "2010.11.25"]
[SourceVersion "1"]
[SourceVersionDate "2010.11.25"]
[SourceQuality "1"]

1. e4 e5 2. Nf3 Nc6 3. Bb5 d6 4. O-O Nf6 5. d4 Be7 6. Re1 O-O 7. Bxc6 bxc6 8.
dxe5 dxe5 9. Qxd8 Rxd8 10. Nxe5 c5 11. Nc6 Rd7 12. Nxe7+ Rxe7 13. f3 Ba6 14.
Nc3 c6 15. Na4 c4 16. Nc5 Bb5 17. a4 Re5 18. Be3 Nd7 19. Nxd7 f6 20. Nxe5 fxe5
21. axb5 cxb5 22. Ra6 g6 23. Rd1 Rc8 24. Rd7 Kf8 25. Raxa7 Kg8 26. Rg7+ Kf8 27.
Rxh7 Ke8 28. Rh8# 1-0

[Event "Anand Charity sim"]
[Site "ICC INT"]
[Date "2007.04.21"]
[Round "1"]
[White "Anand, Viswanathan"]
[Black "GreatBendini"]
[Result "1-0"]
[WhiteElo "2786"]
[BlackElo "1856"]
[PlyCount "81"]
[EventDate "2007.04.21"]
[EventType "simul"]
[EventRounds "1"]
[EventCountry "USA"]
[SourceTitle "EXT 2010"]
[Source "ChessBase"]
[SourceDate "2010.11.25"]
[SourceVersion "1"]
[SourceVersionDate "2010.11.25"]
[SourceQuality "1"]

1. Nf3 Nf6 2. d4 d5 3. c4 g6 4. cxd5 Nxd5 5. e4 Nf6 6. Nc3 Bg7 7. h3 O-O 8. Be3
b6 9. Bc4 e6 10. e5 Nd5 11. Nxd5 exd5 12. Bb3 h6 13. Qd2 Kh7 14. h4 Nc6 15. h5
Rh8 16. hxg6+ fxg6 17. Bxh6 Kg8 18. O-O-O Bf5 19. Bxg7 Kxg7 20. Rxh8 Qxh8 21.
Bxd5 Bd7 22. e6 Be8 23. Bxc6 Bxc6 24. d5 Be8 25. Qd4+ Kg8 26. Qxh8+ Kxh8 27.
Kd2 Kg7 28. Ke3 Rd8 29. Ng5 Kf6 30. Ne4+ Ke7 31. Kf4 c6 32. Ke5 cxd5 33. Rxd5
Rxd5+ 34. Kxd5 Bb5 35. Ng5 Bd3 36. Ke5 Bb1 37. a3 Ba2 38. g4 Bb3 39. f4 Bc2 40.
f5 gxf5 41. gxf5 1-0

[Event "Anand Charity sim"]
[Site "ICC INT"]
[Date "2007.04.21"]
[Round "1"]
[White "Anand, Viswanathan"]
[Black "Knightgold"]
[Result "1/2-1/2"]
[WhiteElo "2786"]
[BlackElo "1998"]
[PlyCount "90"]
[EventDate "2007.04.21"]
[EventType "simul"]
[EventRounds "1"]
[EventCountry "USA"]
[SourceTitle "EXT 2010"]
[Source "ChessBase"]
[SourceDate "2010.11.25"]
[SourceVersion "1"]
[SourceVersionDate "2010.11.25"]
[SourceQuality "1"]

1. c4 c5 2. Nf3 Nf6 3. Nc3 Nc6 4. g3 g6 5. Bg2 Bg7 6. O-O O-O 7. d4 cxd4 8.
Nxd4 Nxd4 9. Qxd4 d6 10. Qd3 a6 11. Bg5 Rb8 12. Rac1 Be6 13. b3 Qa5 14. Qd2
Rfc8 15. Rfe1 b5 16. cxb5 axb5 17. Red1 b4 18. Na4 Bd7 19. Rxc8+ Rxc8 20. Rc1
Rxc1+ 21. Qxc1 Bxa4 22. bxa4 Qxa4 23. Qc8+ Bf8 24. Bc6 Qd1+ 25. Kg2 h5 26. Bxf6
exf6 27. Qb7 Qxe2 28. Bd5 Be7 29. Qxb4 Kg7 30. a4 Qg4 31. Qb7 h4 32. h3 Qd4 33.
g4 Bd8 34. g5 Bc7 35. gxf6+ Kxf6 36. Bb3 Kg5 37. Qxc7 Qe4+ 38. Kh2 Qe5+ 39. Kg2
Qe4+ 40. Kh2 Qe5+ 41. Kg2 Qe4+ 42. Kh2 Qe5+ 43. Kg2 Qe4+ 44. Kh2 Qe5+ 45. Kg2
Qe4+ 1/2-1/2

[Event "Anand Charity sim"]
[Site "ICC INT"]
[Date "2007.04.21"]
[Round "1"]
[White "Anand, Viswanathan"]
[Black "MikeMike"]
[Result "1-0"]
[WhiteElo "2786"]
[BlackElo "1940"]
[PlyCount "121"]
[EventDate "2007.04.21"]
[EventType "simul"]
[EventRounds "1"]
[EventCountry "USA"]
[SourceTitle "EXT 2010"]
[Source "ChessBase"]
[SourceDate "2010.11.25"]
[SourceVersion "1"]
[SourceVersionDate "2010.11.25"]
[SourceQuality "1"]

1. e4 c5 2. Nf3 e6 3. d4 cxd4 4. Nxd4 Nc6 5. Nc3 a6 6. Nxc6 bxc6 7. Bd3 d5 8.
O-O Nf6 9. Re1 Be7 10. Qf3 Bb7 11. Bf4 c5 12. exd5 Nxd5 13. Be4 O-O 14. Rad1
Bf6 15. Nxd5 exd5 16. Bxd5 Bxd5 17. Qxd5 Qb6 18. b3 Rad8 19. Qc4 Rd4 20. Rxd4
cxd4 21. Bd2 Qb7 22. Qd3 g6 23. h3 Qc6 24. Re2 Bg7 25. a4 Rc8 26. Be1 Bf6 27.
Kf1 Qd6 28. Kg1 Qc6 29. f4 Qd6 30. g3 Qc6 31. g4 Qd6 32. Bd2 Qc6 33. g5 Bg7 34.
f5 gxf5 35. Qxf5 Bf8 36. Bf4 Bc5 37. Kh2 Bd6 38. Rf2 Qc7 39. Bxd6 Qxd6+ 40. Kg2
Qc6+ 41. Kg3 Qc7+ 42. Kg4 Rd8 43. h4 Rd6 44. Re2 Rd8 45. Kh5 Qc6 46. Re7 Qg6+
47. Qxg6+ hxg6+ 48. Kh6 Rc8 49. Rd7 Kf8 50. Rxd4 Rxc2 51. Rd8+ Ke7 52. Ra8 Rh2
53. Kg7 Rxh4 54. Ra7+ Ke8 55. Rxa6 Rg4 56. Ra5 Ke7 57. Rb5 Rf4 58. a5 Kd6 59.
a6 Rf1 60. a7 Ra1 61. Rb7 1-0

[Event "Anand Charity sim"]
[Site "ICC INT"]
[Date "2007.04.21"]
[Round "1"]
[White "Anand, Viswanathan"]
[Black "PVAjedrez"]
[Result "1-0"]
[WhiteElo "2786"]
[BlackElo "1400"]
[PlyCount "107"]
[EventDate "2007.04.21"]
[EventType "simul"]
[EventRounds "1"]
[EventCountry "USA"]
[SourceTitle "EXT 2010"]
[Source "ChessBase"]
[SourceDate "2010.11.25"]
[SourceVersion "1"]
[SourceVersionDate "2010.11.25"]
[SourceQuality "1"]

1. Nf3 c5 2. e4 d6 3. d4 cxd4 4. Nxd4 Nf6 5. Nc3 g6 6. Be3 Bg7 7. f3 Nc6 8. Qd2
O-O 9. O-O-O d5 10. exd5 Nxd5 11. Nxc6 bxc6 12. Bd4 Nxc3 13. Qxc3 Bh6+ 14. Be3
Bxe3+ 15. Qxe3 Qb6 16. Qxe7 Be6 17. Qa3 Rfd8 18. Ba6 c5 19. Qa4 Rdb8 20. b3 Qc7
21. Rd2 Rb4 22. Qa3 Rab8 23. c4 Qe5 24. Qb2 Qe3 25. Rhd1 R4b6 26. Kb1 Qg5 27.
f4 Qe7 28. Bb5 a6 29. Bd7 Bxc4 30. Qe5 Bxb3 31. axb3 Rxb3+ 32. Ka1 Qf8 33. Ba4
Ra3+ 34. Ra2 c4 35. Qd6 Qg7+ 36. Qd4 Qxd4+ 37. Rxd4 Re3 38. Rd1 h5 39. f5 gxf5
40. Bc6 Rb6 41. Bf3 h4 42. h3 Reb3 43. Rc1 c3 44. Ra5 Rd6 45. Ka2 Rb2+ 46. Ka3
Rdd2 47. Rxf5 Ra2+ 48. Kb3 a5 49. Kxc3 a4 50. Ra5 a3 51. Kc4 Rd8 52. Kb3 Rb2+
53. Kxa3 Rdb8 54. Rc8+ 1-0

[Event "Anand Charity sim"]
[Site "ICC INT"]
[Date "2007.04.21"]
[Round "1"]
[White "Anand, Viswanathan"]
[Black "RodAug"]
[Result "1-0"]
[WhiteElo "2786"]
[BlackElo "1400"]
[PlyCount "125"]
[EventDate "2007.04.21"]
[EventType "simul"]
[EventRounds "1"]
[EventCountry "USA"]
[SourceTitle "EXT 2010"]
[Source "ChessBase"]
[SourceDate "2010.11.25"]
[SourceVersion "1"]
[SourceVersionDate "2010.11.25"]
[SourceQuality "1"]

1. c4 c5 2. Nf3 Nc6 3. Nc3 g6 4. g3 Bg7 5. Bg2 e5 6. O-O Nge7 7. d3 O-O 8. Ne1
d6 9. Nc2 Rb8 10. Rb1 Be6 11. Nd5 Nd4 12. Nxd4 exd4 13. b4 b6 14. bxc5 dxc5 15.
Nf4 Bd7 16. Bd2 Bc6 17. Bxc6 Nxc6 18. Rb2 Re8 19. Nd5 Rc8 20. Re1 Re6 21. a4
Ne7 22. Nf4 Rec6 23. a5 bxa5 24. Qa4 Be5 25. Qxa5 Qxa5 26. Bxa5 Bc7 27. Bxc7
R8xc7 28. Ra1 a6 29. Rb8+ Kg7 30. Ra8 h6 31. R8xa6 Rxa6 32. Rxa6 h5 33. Kg2 Rd7
34. Kf3 Rc7 35. h4 Rc8 36. Nh3 Rc7 37. Ng5 Nc6 38. Ne4 Ne5+ 39. Kg2 Nd7 40. Rd6
Kf8 41. Ra6 Ke7 42. Ra5 Ke6 43. f3 Ke7 44. g4 hxg4 45. fxg4 Kf8 46. Kg3 Kg7 47.
g5 Kf8 48. Kg4 Ne5+ 49. Kf4 Nd7 50. Nf6 Nxf6 51. gxf6 Ke8 52. Ke5 Rc6 53. Ra8+
Kd7 54. Ra7+ Ke8 55. Re7+ Kf8 56. Rd7 Ke8 57. Rd6 Rc7 58. Kd5 Ra7 59. Kxc5 Ra2
60. Rxd4 Rxe2 61. Re4+ Rxe4 62. dxe4 Kd7 63. Kd5 1-0

[Event "Anand Charity sim"]
[Site "ICC INT"]
[Date "2007.04.21"]
[Round "1"]
[White "Anand, Viswanathan"]
[Black "Russianbear"]
[Result "1-0"]
[WhiteElo "2786"]
[BlackElo "2128"]
[PlyCount "89"]
[EventDate "2007.04.21"]
[EventType "simul"]
[EventRounds "1"]
[EventCountry "USA"]
[SourceTitle "EXT 2010"]
[Source "ChessBase"]
[SourceDate "2010.11.25"]
[SourceVersion "1"]
[SourceVersionDate "2010.11.25"]
[SourceQuality "1"]

1. Nf3 Nf6 2. d4 d5 3. Bg5 c6 4. Nbd2 Bf5 5. Bxf6 exf6 6. e3 Bb4 7. c3 Ba5 8.
Nb3 Bc7 9. Bd3 Bg6 10. h4 Bxd3 11. Qxd3 Nd7 12. O-O-O Qe7 13. g4 h5 14. g5 Qe4
15. Qxe4+ dxe4 16. Nfd2 f5 17. c4 f6 18. Rhg1 Kf7 19. g6+ Ke7 20. f4 exf3 21.
Nxf3 b6 22. Kc2 Rh6 23. Rg2 Nf8 24. Rdg1 Re8 25. Kd3 Kd7 26. Nbd2 a6 27. a3 Bd6
28. b4 a5 29. bxa5 bxa5 30. c5 Bc7 31. d5 Be5 32. Nd4 Bxd4 33. dxc6+ Kxc6 34.
exd4 Kd5 35. Nb1 Kc6 36. Nc3 f4 37. Kc4 f3 38. Rf2 Rxg6 39. d5+ Kd7 40. c6+ Kc8
41. Rb1 Rg4+ 42. Kc5 Re5 43. Rfb2 Rb4 44. axb4 a4 45. b5 1-0

[Event "Anand Charity sim"]
[Site "ICC INT"]
[Date "2007.04.21"]
[Round "1"]
[White "Anand, Viswanathan"]
[Black "Shanbhag, Vinod"]
[Result "1-0"]
[WhiteElo "2786"]
[BlackElo "1331"]
[PlyCount "77"]
[EventDate "2007.04.21"]
[EventType "simul"]
[EventRounds "1"]
[EventCountry "USA"]
[SourceTitle "EXT 2010"]
[Source "ChessBase"]
[SourceDate "2010.11.25"]
[SourceVersion "1"]
[SourceVersionDate "2010.11.25"]
[SourceQuality "1"]

1. c4 Nf6 2. Nc3 e5 3. Nf3 Nc6 4. g3 Bc5 5. Bg2 O-O 6. O-O d6 7. d3 h6 8. a3 a6
9. b4 Ba7 10. Bb2 Re8 11. e3 Bg4 12. Qc2 Qd7 13. Nd2 Rab8 14. Nd5 Nxd5 15. cxd5
Ne7 16. Nc4 Bh3 17. Bxh3 Qxh3 18. e4 f5 19. Kh1 f4 20. Qe2 Ng6 21. Nd2 Rf8 22.
Nf3 Qg4 23. Ng1 f3 24. Qd1 Nf4 25. Rc1 Ne2 26. Rc2 Nxg3+ 27. fxg3 Bxg1 28. Kxg1
Rf7 29. Bc1 Rbf8 30. Be3 h5 31. Kf2 Qh3 32. Ke1 h4 33. Bf2 Qxh2 34. gxh4 Qh3
35. Kd2 Qg4 36. Kc1 Qd7 37. Rg1 Qa4 38. Rc3 a5 39. Qxa4 1-0

[Event "Anand Charity sim"]
[Site "ICC INT"]
[Date "2007.04.21"]
[Round "1"]
[White "Anand, Viswanathan"]
[Black "ThreeEagles"]
[Result "1-0"]
[WhiteElo "2786"]
[BlackElo "1545"]
[PlyCount "31"]
[EventDate "2007.04.21"]
[EventType "simul"]
[EventRounds "1"]
[EventCountry "USA"]
[SourceTitle "EXT 2010"]
[Source "ChessBase"]
[SourceDate "2010.11.25"]
[SourceVersion "1"]
[SourceVersionDate "2010.11.25"]
[SourceQuality "1"]

1. Nf3 c5 2. e4 g6 3. Nc3 Bg7 4. d4 cxd4 5. Nxd4 Nc6 6. Be3 Nf6 7. Bc4 d6 8. f3
Bd7 9. Bb3 Qa5 10. Qd2 O-O-O 11. O-O Ne5 12. a4 Kb8 13. Ndb5 Rc8 14. Bxa7+ Ka8
15. Nd5 Qxa7+ 16. Nxa7 1-0

[Event "Anand Charity sim"]
[Site "ICC INT"]
[Date "2007.04.21"]
[Round "1"]
[White "Anand, Viswanathan"]
[Black "Wetvader"]
[Result "1-0"]
[WhiteElo "2786"]
[BlackElo "1250"]
[PlyCount "59"]
[EventDate "2007.04.21"]
[EventType "simul"]
[EventRounds "1"]
[EventCountry "USA"]
[SourceTitle "EXT 2010"]
[Source "ChessBase"]
[SourceDate "2010.11.25"]
[SourceVersion "1"]
[SourceVersionDate "2010.11.25"]
[SourceQuality "1"]

1. d4 Nf6 2. c4 e6 3. Nc3 b6 4. e4 Bb4 5. f3 d6 6. Nge2 Nbd7 7. a3 Bxc3+ 8.
Nxc3 O-O 9. Be3 e5 10. d5 h6 11. Be2 a5 12. b4 axb4 13. axb4 Rxa1 14. Qxa1 Bb7
15. O-O Qa8 16. Nb5 Qxa1 17. Rxa1 c6 18. Nxd6 Ra8 19. Rxa8+ Bxa8 20. dxc6 Bxc6
21. b5 Ba8 22. Nc8 Bb7 23. Nxb6 Nxb6 24. Bxb6 Nd7 25. Be3 f6 26. c5 Nb8 27.
Bc4+ Kf8 28. Bd5 Bxd5 29. exd5 g5 30. c6 1-0